000 00846nmm a2200277 a 4500
003 AR-BaBNM
005 20251128202939.0
008 157019s1964 ||||||||||||||000 | spa||
040 _cAR-BaBNM
100 1 _aSalvat, Raymundo M.
245 1 0 _aTratado de derecho civil argentino
_bparte general. 1
260 _aBuenos Aires
_bTEA
_c1964
300 1 _axlviii, 1046 p.
500 0 _aEdición del cincuentenario actualizada por José María López Olaciregui
500 0 _aIndice bibliográfico p. ix-xv
500 0 _aIndice sistemático p. xvii-xlviii
650 4 _aDERECHO ARGENTINO
650 4 _aJURISPRUDENCIA
650 4 _aDERECHO CIVIL
650 4 _aHISTORIA DEL DERECHO
650 4 _aLEGISLACION ARGENTINA
651 4 _aArgentina
700 1 _aLópez Olaciregui, José María
_ecolaborador
942 _cBK
998 _cAndrea
999 _c1244
_d1244